| 000 | 00386nam a22001577a 4500 | ||
|---|---|---|---|
| 999 |
_c532633 _d532633 |
||
| 003 | NUST | ||
| 005 | 20191127100029.0 | ||
| 008 | 191126b ||||| |||| 00| 0 eng d | ||
| 038 | _aMSOHAIL | ||
| 082 | _a0 | ||
| 100 |
_aSumbal Shahzadi _926261 |
||
| 245 | _aConstruction Engineering and Management......\ | ||
| 260 |
_aIslamabad _bNUST _cc2015 |
||
| 300 | _ap;v.p. | ||
| 942 |
_2ddc _cBK |
||